00641nam a22001337a 4500008004100000020001800041082001400059100002000073245005000093260003200143300006100175500014600236650012500382200120b ||||| |||| 00| 0 eng d a9788129137425 a361.1 BHA aBhagat, Chetan aMaking India awesome : bnew essays & columns aNew Delhi : bRupa, c2015. a177 pages : billustrations (black and white) ; c22 cm. aCollection subset: Social Welfare Bibliography note: Includes bibliographical references. Additional phys. form: Also available as an e-book. a Social problems -- India; India -- Politics and government -- 21st century; India -- Social conditions -- 21st century;